000
00294nam a22001337a 4500
008
170208b xxu||||| |||| 00| 0 eng d
020
_a
9781416041894
041
_a
eng
080
_a
61
100
_a
4
101
_a
SHM
245
_a
VIRTUAL MEDICAL OFFICE
_c
EUGENIA FULCHER
942
_2
udc
_c
BK
999
_c
4957
_d
4957